| 000 | 00752nam a22001577a 4500 | ||
|---|---|---|---|
| 005 | 20240909153343.0 | ||
| 010 | _a07/24,CHHN | ||
| 020 |
_a9788196237424 _c200.00 |
||
| 037 | _bअद्विक पब्लिकेशन प्रा.लि. | ||
| 100 |
_aदिविक रमेश _971338 |
||
| 245 |
_aसच्ची गपशपःकिस्से गांधी जी के / _cदिविक रमेश |
||
| 260 |
_aदिल्ली _bअद्विक पब्लिकेशन _c2023 |
||
| 270 |
_a41 हसनपुर, आई.पी एक्सटेंशन पटपड़गंज _bदिल्ली _e110092 |
||
| 300 |
_a24 पृ.; _c24सेमी. (आजिल्द) |
||
| 942 |
_adpl _cCH _2ddc _mदिविक |
||
| 999 |
_c205724 _d205724 |
||